Zo zbierky obecných názvov Brdárka

Bibliographic Details
Main Author: Šlosár, Ján, 1927-2004 (Author)
Format: Article
Language:Slovak
Subjects:

MARC

LEADER 00000nab a2200000 a 4500
001 vtls001007040
003 SK-MaSNL
005 20260303040440.0
008 040720e20000320xo 0 slo
035 |a RV7640 
040 |a RVGKPD  |b slo  |c RVGKPD  |e AACR2 
041 0 |a slo 
044 |a xo  |c SK 
080 |a 943.76  |2 1981 
080 |a 801.311.1  |2 1981 
100 1 |a Šlosár, Ján,  |d 1927-2004  |4 aut  |9 109248 
245 1 0 |a Zo zbierky obecných názvov  |b Brdárka 
500 |a vznik 
650 0 7 |a názvy obcí  |2 RVGKPD  |9 23789 
651 7 |a Brdárka (Slovensko)  |2 RVGKPD  |9 58513 
655 7 |a periodikum  |2 snkbucl  |9 29553 
773 0 8 |t Týždeň v Gemeri  |g Roč. 1, č.4, 20.3.2000, s. 5 
852 |a ZVYKNI  |b KIS3GCP 
999 |c 1682011  |d 1683941